LIBRARY & INFORMATION CENTRE, KCAET, TAVANUR

ONLINE PUBLIC ACCESS CATALOGUE (OPAC)

Neerunna theechoola / (Record no. 4829)

MARC details
000 -LEADER
fixed length control field 00456cam a2200169ua 4500
041 ## - LANGUAGE CODE
Language code of text/sound track or separate title mal
082 ## - DEWEY DECIMAL CLASSIFICATION NUMBER
Classification number 894.8121
Item number KRI/NE
100 ## - MAIN ENTRY--AUTHOR NAME
Personal name Krishna Pillai, Changampuzha.
245 ## - TITLE STATEMENT
Title Neerunna theechoola /
260 ## - PUBLICATION, DISTRIBUTION, ETC. (IMPRINT)
Place of publication Kottayam :
Name of publisher Sahitya Pravarthaka Co-operative Society ,
Year of publication 1959.
300 ## - PHYSICAL DESCRIPTION
Number of Pages 63 ; .
942 ## - ADDED ENTRY ELEMENTS (KOHA)
Koha item type Books
Holdings
Withdrawn status Lost status Damaged status Home library Current library Date acquired Full call number Accession Number Koha item type
Withdrawn     KAUAET Malayalam University 07/04/2012 894.8121 238 Books
free website counter